000
00204nam a2200097Ia 4500
008
190216s9999||||xx |||||||||||||| ||und||
100
_a
T K C Vaduthala
245
0
_a
Adheham
260
_b
Null
942
_c
BK
999
_c
24958
_d
24958